Türkiye'de okul öncesi eğitim ve ilköğretim sistemi (Record no. 6069)

MARC details
000 -BAŞLIK
Sabit Uzunlukta Kontrol Alanı 00713na a2200217 4500
001 - KONTROL NUMARASI
Denetim Alanı 19119
003 - KONTROL NUMARASI IDENTIFIER
Denetim Alanı MIRAKIL
005 - SON İŞLEM TARİHİ VE ZAMANI
Denetim Alanı 20181213155055.0
008 - SABİT-BOY VERİ ELEMANLARI - GENEL BİLGİLER
Sabit Uzunlukta Kontrol Alanı 161208b tu 000 0
020 ## - ULUSLARARASI STANDART KİTAP NUMARASI
Uluslararası Standart Kitap Numarası 9789944512824
040 ## - KATALOGLAMA KAYNAK
Orijinal Kataloglama Ajansı Milas
Kataloglama Dili tur
Metne Dönüştürmek Ajansı TR-AnCHP
041 ## - DİL KODU
Metin / Ses Parça Veya Ayrı Başlığın Dil Kodu tur
082 ## - DEWEY ONLU SINIFLANDIRMA NUMARASI
Sınıflandırma Numarası 372.1
Ürün Numarası T96 2007
090 ## - SINIFLAMA NUMARASI
Sınıflama Numarası 372.1 T96 2007
245 ## - BAŞLIK TABLOSU
Başlık Türkiye'de okul öncesi eğitim ve ilköğretim sistemi
Başlığın Kalan Temel sorunlar ve çözüm önerileri özet rapor
Sorumluluk Tablosu, Vb Türk Eğitim Derneği
260 ## - YAYIN, DAĞITIM, VB
Yayın, Dağıtım, Vb Yeri Ankara
Yayıncı, Dağıtıcı, Vs Adı Türk Eğitim Derneği
Yayın, Dağıtım, Vb Tarihi 2007
300 ## - FİZİKSEL TANIM
Kapsam xv, 87 s.
Diğer Fiziksel Ayrıntıları tbl.
Boyutlar 25 sm.
650 ## - KONU KATMA GİRİŞ - TOPİKAL DÖNEM
Topikal Süreli Veya Coğrafi Ad Giriş Elemanı İlk öğretim
Genel Alt Bölümü İlköğretimin organizasyonu
Kronolojik Alt Bölümü Raporlar
Coğrafi Alt Bölümü Türkiye
710 ## - KATMA GİRİŞ - KURUMSAL ADI
Giriş Elemanı Olarak Kurumsal Ad Veya Yargı Alanı Adı Türk Eğitim Derneği
942 ## - EKLENDİ GİRİŞ ELEMANLARI (KOHA)
Sınıflandırma Veya Raf Düzeni Kaynak
Koha Öğesi Türü Books
999 ## - SİSTEM KONTROL NUMARALARI (KOHA)
Koha Biblionumber 6069
Koha Biblioitemnumber 6069
Holdings
Kalıcı Konum Mevcut Konum Edinme Tarihi Edinim Kaynak Toplam Check-Out'Lar Tam Çağrı Numarası Barkod Tarih Son Görülme İtibaren Geçerli Fiyatlar Koha Öğesi Türü Kopya Sayısı
CHP Kütüphanesi CHP Kütüphanesi 12/08/2016 Bağış   372.1 T96 2007 010205 12/08/2016 12/08/2016 Books  
CHP Kütüphanesi CHP Kütüphanesi 12/08/2016 Bağış   372.1 T96 2007 010207 12/08/2016 12/08/2016 Books k.2